000 00648nam a2200205Ia 4500
001 7408
003 GE_BSU
008 181216s||||||||xx |||||||||||||| ||und||
040 _cGE_BSU
080 _a821.353.1-21
100 _aდადიანი,შალვა.
245 _aბარათაშვილი:ამძივული ტრაგედია.
245 _cრედ:ალ.მაშაშვილი.
260 _aთბილისი.
260 _bსახელგამი.
260 _c1939.
300 _a135გვ;17სმ.
653 _aბარათაშვილი ნიკოლოზ.
942 _cBK
999 _c40769
_d40769